02707nam a2200265 i 4500003000900000005001700009007000300026008004100029040003000070041000800100082001700108245033900125264003200464300002800496336002700524337003300551338002800584500002900612520158300641590002702224910001402251942001402265952014502279999001702424DO-SdBNP20250730140130.0ta250730s1966 mx 000 0 spa d aDO-SdBNPbspacBNPHUerda aspa axxxbI6222200aInvestigación sociológica y vida rural en América Central, México y la Región del Caribe: bactas del Seminario organizado por la Unesco en cooperación con la Comisión Económica de las Naciones Unidas para América Latina (México D.F., 17-27 de octubre de 1962) /cedición, Egbert de Vries, P. González Casanova aMéxico :bUnesco,c1966. a269 páginas ;c21 cm. atextobtxt2rdacontent asin mediaciónbn2rdamedia avolumenbnc2rdacarrier aLista de participantes.  aEl texto aborda la investigación sociológica y la vida rural en América Central, México y la región del Caribe, centrándose en las dinámicas sociales, económicas y culturales que configuran las comunidades rurales de estas áreas. Se discutieron temas como la migración interna y externa, la transformación de las estructuras agrarias, la influencia de las políticas públicas en el desarrollo rural y la preservación de las identidades culturales en un contexto de modernización y globalización. Los participantes analizaron cómo las comunidades rurales enfrentan desafíos relacionados con la pobreza, el acceso limitado a servicios básicos y la necesidad de diversificar sus economías para mejorar su calidad de vida. Se enfatizó la importancia de la participación comunitaria y el fortalecimiento de las organizaciones locales como mecanismos para promover el desarrollo sostenible y equitativo en las zonas rurales. Además, se destacó la relevancia de la investigación sociológica para comprender las particularidades de estas comunidades y diseñar políticas que respondan a sus necesidades específicas, reconociendo la diversidad cultural y social que caracteriza a la región. El seminario concluyó con recomendaciones orientadas a fomentar la colaboración entre instituciones académicas, organizaciones no gubernamentales y entidades gubernamentales para impulsar proyectos de investigación y desarrollo que contribuyan al bienestar de las poblaciones rurales en América Central, México y el Caribe.RAR aInventariado, 2025/ YL aYlockward 2ddccLBS1 00102ddc56708GRaBNPHUbBNPHUcCTd2023-09-26eDonado por Bienvenido Britol0oBNPHU PD xxx I62p2025-7604r2025-07-30w2025-07-30yLBS1 c59685d59685